000003819 001__ 3819
000003819 005__ 20251001112331.0
000003819 008__ 080618s1577    it      d     000 0 lat dnam a 
000003819 040__ $$aUZ.GRL
000003819 041__ $$alat
000003819 1001_ $$aBertachini, Giovanni$$d1448-1500
000003819 245__ $$aRepertorium Do. Io. Bertachini Firmani...
000003819 260__ $$aVenetiis :$$b[s.n.]$$c1577
000003819 300__ $$a5 v. ;$$c25 cm 
000003819 500__ $$aEx-libris adherido al v. de la port. :"Donación del Sr. D. viente Lissa y las Balsas..."
000003819 500__ $$aEx-libris ms. en la port. : "ex-libris Dris. Michaelis Alegria".
000003819 500__ $$aMarca tip. en las ports.
000003819 500__ $$aTexto a dos col.
000003819 538__ $$aTexto completo System requirements: PC, World Wide Web Browser and DJVU reader
000003819 538__ $$aTexto completo Available electronically via Internet
000003819 540__ $$9info:eu-repo/semantics/openAccess$$aby$$uhttps://creativecommons.org/licenses/by/4.0/deed.es
000003819 700__ $$aLissa y las Balsas, Vicente$$eant. pos.
000003819 752__ $$aItalia-
000003819 8564_ $$s115069792$$uhttps://zaguan.unizar.es/record/3819/files/H_10_95.djvu$$zTexto  V.5
000003819 8564_ $$s83420052$$uhttps://zaguan.unizar.es/record/3819/files/H_10_94.djvu$$zTexto V.4
000003819 8564_ $$s86047895$$uhttps://zaguan.unizar.es/record/3819/files/H_10_93.djvu$$zTexto V.2 y V.3
000003819 8564_ $$s93454796$$uhttps://zaguan.unizar.es/record/3819/files/H_10_92.djvu$$z Texto V.1
000003819 907__ $$a.b1514448
000003819 909CO $$ooai:zaguan.unizar.es:3819$$pdriver$$pfondo-historico
000003819 980__ $$aFH$$bfondos